000 00361nam a2200145Ia 4500
008 230917s9999||||xx |||||||||||||| ||und||
040 _e128039
_aMAIN
041 _aEnglish
082 _a294.6 B469I
100 _aBhalla, A S
245 0 _aIn search of roots: Guru Amar Das and Bhallas
260 _aNew Delhi
_bRupa
_c2008
300 _a336 p.
942 _cBK
999 _c150013
_d150013